000 00454 a2200145 4500
005 20250318094206.0
020 _a978-0-273-70752-3
082 _a658.872 CHA
100 _aCHAFFEY, D.
245 _aE- Business and E- Commerce Management: Strategy, Implementation and Practice
250 _a3rd Ed.
260 _aEngland,
_bPrentice-Hall,
_c2002.
300 _axxviii, 663p.: ill.; figure, graph, table
_bGlossary, index, reference
_c27cm.
942 _2ddc
_cBKS
999 _c881
_d881